Statistics for 6 Letter Countries

Click here to take the quiz!

General Stats

  • This quiz has been taken 293 times
  • The average score is 19 of 31

Answer Stats

Answer% Correct
France
84%
Canada
82%
Russia
80%
Norway
78%
Sweden
76%
Greece
73%
Mexico
71%
Poland
69%
Turkey
69%
Brazil
66%
Israel
65%
Zambia
63%
Angola
59%
Gambia
59%
Latvia
59%
Jordan
58%
Serbia
58%
Uganda
57%
Belize
56%
Bhutan
55%
Panama
54%
Rwanda
54%
Cyprus
51%
Kuwait
48%
Brunei
46%
Malawi
46%
Monaco
46%
Kosovo
45%
Guyana
44%
Taiwan
44%
Guinea
42%

Score Distribution

Percentile by Number Answered

Percent of People with Each Score

Your Score History

You have not taken this quiz